Culture Générale - Série 2496 - Statistiques

Statistiques générales
  • Ce quiz a été pris 213 fois
  • Le résultat moyen est 5 sur 10
Statistiques - réponses
Question Réponse % Correct
Comme se nomme ce symbole : ( ) parenthèse
90%
De quel pays est originaire le vin blanc mousseux appelé "asti" ? Italie
86%
Quelle est la capitale du Chili ? Santiago
84%
A quelle langue est emprunté oralement le mot "vasistas" signifiant en français « Qu'est-ce que c'est ? » ? allemand
75%
Qui a écrit "L'écume des jours" en 1947 ? voir photo Boris Vian
74%
Mode de vie qui refuse l'exploitation des animaux, et exclut donc la consommation de produits d'origine animale - 9 lettres commençant par " v " véganisme
65%
Animal hybride obtenu par croisement entre une ânesse et un étalon bardot
25%
Instrument de musique du Moyen Âge - danse ancienne - cuisse de chevreuil - jambe gigue
18%
Qui a créé le festival d'Avignon en 1947 ? prénom et nom Jean Vilar
11%
Quelle rivière, longue de 97 km, rejoint la Loire à Nantes ? Erdre
10%
Aucun quiz correspondant
Distribution des résultats
% des personnes avec chaque résultat
Percentile par nombre de réponses
Votre historique - résultats
Vous n’avez pas pris ce quiz